000 00997nam0a22002411 4500
001 rc\124149
005 20260407091759.0
035 _a(NLR Aleph) 005380749
090 _a7098063
_c7098063
100 _a20021216d1992 |||y0rusy50 ca
101 0 _arus
102 _aRU
105 _ay |||||||||
200 1 _aСОВЕРШЕНСТВОВАНИЕ эпидемиологической диагностики сальмонеллезов
_eИнформ. письмо
_fПерм. гос. мед. ин-т и др.
210 _aПермь
_cБ. и.
_d1992
215 _a12 с.
_d20
300 _aВ надзаг. также: Перм. обл. Центр гос. сан.-эпидемиол. надзора, Перм. гор. центр гос. сан.-эпидемиол. надзора
712 0 2 _aПермский медицинский институт
_3RU\NLR\AUTH\8817267
_9307752
801 0 _aRU
_bNLR
_gpsbo
801 1 _aRU
_bELAR
_2rusmarc
852 _aNLR
_j92-4/4240
942 _cBOOK
980 _aNB